000 01012nam a2200253 a 4500
001 84039
003 BD-RjUL
005 20240925144823.0
008 240925s2004 bg a|||| m||| 00| 0 eng d
035 _a(BD-RjUL)84039
040 _aBD-RjUL
_beng
_cBD-RjUL
_dBD-RjUL
041 _aeng
082 _223
_a660.2995
_bAZS 2004
100 _aAzad, Md. Abul Kalam
245 1 0 _aSynthesis and Characterization of Solid Catalysts /
_cBy Md. Abul Kalam Azad ;
_6Co-Supervisor : Md. Shaedur Rahman, Principal Supervisor : M. Anisur Rahman
260 _aRajshahi :
_bDepartment of Applied Chemistry, University of Rajshahi,
_c2004
300 _axi, 481, [77], Leaves :
_bill, ;
_c29 cm.
502 _aThesis (Ph. D.) -- Department of Applied Chemistry, University of Rajshahi, 200441
504 _aBibliography : Leaves 419-426
650 _aApplied Chemistry
_vSynthesis
_913603
700 _aRahman, Md. Shaedur, Co-Supervisor
_913604
700 _aRahman, M. Anisur, Principal Supervisor
_913605
942 _2ddc
_cTHE
999 _c84039
_d84039